[Event "Junior Online 4NCL Division 4"]
[Site "online"]
[Date "2021.09.30"]
[EventDate "2021.09.30"]
[Round "4.136"]
[White "Barot, Jwalant"]
[WhiteElo "1186"]
[WhiteTeam "Cork Juniors"]
[Black "Turakulov, Farid"]
[BlackElo "1361"]
[BlackTeam "Desert Penguins Neptune"]
[Result "0-1"]
[PlyCount "116"]

1. e4 e5 2. Nf3 Nc6 3. Bc4 Bc5 4. d3 Nf6 5. Nc3 Ng4 6. O-O b6 7. h3 Nf6 8. Nd5 Bb7 9. Nxf6+ Qxf6 10. Bg5 Qg6 11. Qd2 h6 12. Nh4 Qd6 13. Nf5 Qg6 14. Nh4 Qxg5 15. Qxg5 hxg5 16. Nf5 Rh7 17. Kh2 Nd4 18. Nxd4 Bxd4 19. c3 Bc5 20. b4 Bd6 21. d4 Bxe4 22. dxe5 Bxe5+ 23. g3 Bxc3 24. Rac1 Bxb4 25. a3 Bxa3 26. Rb1 Bxb1 27. Rxb1 O-O-O 28. Ra1 Bc5 29. Rxa7 c6 30. Ba6+ Kb8 31. Rb7+ Ka8 32. Rc7 b5 33. Bxb5 cxb5 34. Rxc5 b4 35. Rb5 Rb8 36. Rxg5 b3 37. Rb5 Rxb5 38. Kg1 b2 39. Kf1 b1=Q+ 40. Kg2 Rb2 41. Kf3 Qh1+ 42. Ke3 Qg2 43. f4 Qxg3+ 44. Ke4 Rb4+ 45. Kd5 Rh5+ 46. Kd6 Qxf4+ 47. Kxd7 Rb6 48. Ke7 Qc7+ 49. Kf8 Rb8+ 50. Kxg7 f5+ 51. Kg6 Qh7+ 52. Kf6 Qh6+ 53. Ke5 Rb5+ 54. Kd4 Rh4+ 55. Kd3 Rb3+ 56. Kc2 Rhxh3 57. Kd1 Rh2 58. Ke1 Rb1# 0-1

[Event "Junior Online 4NCL Division 4"]
[Site "online"]
[Date "2021.09.30"]
[EventDate "2021.09.30"]
[Round "4.137"]
[White "Donati Plutino, Francesco Rodolfo"]
[WhiteElo "1074"]
[WhiteTeam "Desert Penguins Neptune"]
[Black "Schmidt, Eoin"]
[BlackElo "1097"]
[BlackTeam "Cork Juniors"]
[Result "1-0"]
[PlyCount "105"]

1. d4 d5 2. c4 e6 3. Nc3 Bb4 4. Bd2 Nd7 5. a3 Ba5 6. b4 Bb6 7. c5 Qf6 8. cxb6 Nxb6 9. Be3 Nc4 10. Qd3 Nb2 11. Qc2 Nc4 12. Nf3 Bd7 13. g3 Nxe3 14. fxe3 Bc6 15. b5 Bd7 16. a4 a6 17. bxa6 Rxa6 18. Rb1 Bc6 19. Bg2 Ne7 20. O-O O-O 21. Ne5 Qg5 22. Rf3 Rb8 23. Nxf7 Qg6 24. Qxg6 Nxg6 25. Ne5 Nxe5 26. dxe5 d4 27. exd4 Bxf3 28. Bxf3 Rd8 29. Rxb7 h6 30. Bh5 Rxd4 31. Rxc7 Ra5 32. Bg6 Rd8 33. Re7 Rc5 34. Ne4 Rc1+ 35. Kg2 Rc4 36. Nd6 Rxa4 37. Rxe6 Ra2 38. Kf3 Rf8+ 39. Ke3 Ra3+ 40. Kd4 Ra4+ 41. Kd5 Ra5+ 42. Kd4 Ra4+ 43. Kc5 Ra5+ 44. Kb6 Ra2 45. Kc7 Rc2+ 46. Kd7 Ra2 47. Kc6 Ra6+ 48. Kd5 Ra5+ 49. Ke4 Ra4+ 50. Ke3 Ra3+ 51. Bd3 Rb8 52. Re7 Rbb3 53. Re8# 1-0

[Event "Junior Online 4NCL Division 4"]
[Site "online"]
[Date "2021.09.30"]
[EventDate "2021.09.30"]
[Round "4.138"]
[White "Philip, Tom"]
[WhiteElo "939"]
[WhiteTeam "Cork Juniors"]
[Black "Mourat, Emil"]
[BlackElo "813"]
[BlackTeam "Desert Penguins Neptune"]
[Result "0-1"]
[PlyCount "34"]

1. e4 c5 2. Nf3 d6 3. Nc3 e6 4. Bb5+ Nc6 5. O-O a6 6. Bxc6+ bxc6 7. d3 Nf6 8. e5 dxe5 9. Nxe5 Bd6 10. Nxc6 Qc7 11. Qf3 O-O 12. Ne7+ Bxe7 13. Qxa8 Bb7 14. Qa7 Ra8 15. Bf4 Qc6 16. Qxa8+ Bxa8 17. g3 Qg2# 0-1

[Event "Junior Online 4NCL Division 4"]
[Site "online"]
[Date "2021.09.30"]
[EventDate "2021.09.30"]
[Round "4.141"]
[White "Phillips, Thomas"]
[WhiteElo "909"]
[WhiteTeam "Brentwood School C"]
[Black "Sasikumar, Srivathsan"]
[BlackElo "1249"]
[BlackTeam "Leeds Juniors 3"]
[Result "0-1"]
[PlyCount "134"]

1. d4 d5 2. Bf4 Nf6 3. e3 Bf5 4. c3 e6 5. Nd2 Bd6 6. Bg3 c6 7. Ngf3 Qc7 8. Ne5 Nbd7 9. Nxd7 Nxd7 10. Nb3 O-O 11. Nc5 Nxc5 12. dxc5 Bxg3 13. hxg3 Bg6 14. Bd3 Rfd8 15. f4 e5 16. f5 e4 17. fxg6 Qxg3+ 18. Ke2 exd3+ 19. Kxd3 Qxg6+ 20. Ke2 Qxg2+ 21. Kd3 Qe4+ 22. Ke2 Re8 23. Qd3 Qg2+ 24. Ke1 Qxh1+ 25. Qf1 Qxf1+ 26. Kxf1 Rxe3 27. Re1 Rxe1+ 28. Kxe1 h5 29. Kf2 g5 30. Kg3 f5 31. a4 Re8 32. b4 Re3+ 33. Kf2 Rxc3 34. b5 cxb5 35. axb5 Rxc5 36. b6 axb6 37. Kf3 b5 38. Ke3 b4 39. Kf3 b3 40. Ke3 b2 41. Kd4 b1=Q 42. Kxc5 Qc2+ 43. Kd6 Qc6+ 44. Ke5 b5 45. Kxf5 b4 46. Ke5 b3 47. Kf5 b2 48. Ke5 Kf7 49. Kd4 Qc4+ 50. Ke5 Qe4+ 51. Kd6 Qe6+ 52. Kc5 Qc6+ 53. Kxc6 b1=Q 54. Kc5 Qc2+ 55. Kd4 Qe4+ 56. Kc5 Ke6 57. Kc6 d4+ 58. Kc5 Qd5+ 59. Kb4 Qc6 60. Kb3 d3 61. Kb4 Kd5 62. Kb3 d2 63. Kb4 Qc4+ 64. Ka3 Qb5 65. Ka2 Qb4 66. Ka1 d1=Q+ 67. Ka2 Qdb1# 0-1

[Event "Junior Online 4NCL Division 4"]
[Site "online"]
[Date "2021.09.30"]
[EventDate "2021.09.30"]
[Round "4.142"]
[White "Ragu, Sachin"]
[WhiteElo "1281"]
[WhiteTeam "Leeds Juniors 3"]
[Black "Jassar, Ryan"]
[BlackElo "800"]
[BlackTeam "Brentwood School C"]
[Result "1-0"]
[PlyCount "141"]

1. e4 e6 2. d4 d6 3. Nc3 Nc6 4. Nf3 Nf6 5. Bf4 d5 6. e5 Ne4 7. Bd3 Nxc3 8. bxc3 Ba3 9. O-O Bb2 10. Rb1 Bxc3 11. Bb5 O-O 12. Bg5 f6 13. exf6 gxf6 14. Bh6 Rf7 15. Qd3 Bd7 16. Qxc3 Qe7 17. Bxc6 Bxc6 18. Rfe1 Kh8 19. Qe3 Rg8 20. Qxe6 Re8 21. Qxe7 Rexe7 22. Rxe7 Rxe7 23. Be3 Kg8 24. Nd2 h5 25. c4 dxc4 26. Nxc4 Rg7 27. Na5 Be4 28. Rxb7 Bxb7 29. Nxb7 c5 30. Nxc5 Rc7 31. Bf4 Re7 32. h3 Re1+ 33. Kh2 Re2 34. Bg3 Rxa2 35. d5 Rc2 36. Ne4 a5 37. Nxf6+ Kf8 38. d6 a4 39. Bh4 a3 40. Nh7+ Ke8 41. Nf6+ Kd8 42. Nd5+ Kd7 43. Ne3 Rd2 44. Nc4 Ra2 45. Nb6+ Kxd6 46. Nc4+ Kc6 47. Nxa3 Rxa3 48. g4 hxg4 49. hxg4 Kc5 50. Kg2 Kd4 51. f3 Ra2+ 52. Kg3 Ke3 53. g5 Ra1 54. Kg2 Ke2 55. g6 Ke3 56. g7 Ra2+ 57. Kg3 Rf2 58. g8=Q Rxf3+ 59. Kg2 Ke2 60. Qe6+ Kd3 61. Kxf3 Kd4 62. Qe4+ Kc5 63. Bf2+ Kd6 64. Kf4 Kd7 65. Ke5 Kc7 66. Qd5 Kc8 67. Kd6 Kd8 68. Bh4+ Ke8 69. Qe6+ Kf8 70. Qf6+ Ke8 71. Qe7# 1-0

[Event "Junior Online 4NCL Division 4"]
[Site "online"]
[Date "2021.09.30"]
[EventDate "2021.09.30"]
[Round "4.143"]
[White "Glover, Riley"]
[WhiteElo "800"]
[WhiteTeam "Brentwood School C"]
[Black "Kumar, Rehan"]
[BlackElo "1196"]
[BlackTeam "Leeds Juniors 3"]
[Result "0-1"]
[PlyCount "58"]

1. e3 e5 2. d3 d5 3. Be2 Nf6 4. Bd2 Nc6 5. Nf3 Bd6 6. Nc3 Be6 7. Ng5 O-O 8. Bh5 Bd7 9. Nxd5 Nxd5 10. e4 Nf6 11. O-O h6 12. Bxf7+ Rxf7 13. Nxf7 Kxf7 14. h3 Qe7 15. g4 Rg8 16. f4 g5 17. fxg5 hxg5 18. c3 Bc5+ 19. d4 exd4 20. cxd4 Bxd4+ 21. Kh1 Qxe4+ 22. Kh2 Be5+ 23. Kg1 Qd4+ 24. Kh1 Ne7 25. Qb3+ Kg7 26. Bxg5 Bc6+ 27. Rf3 Bxf3+ 28. Qxf3 Qxb2 29. Rf1 Qh2# 0-1

[Event "Junior Online 4NCL Division 4"]
[Site "online"]
[Date "2021.09.30"]
[EventDate "2021.09.30"]
[Round "4.144"]
[White "Maniyar, Arnav"]
[WhiteElo "1200"]
[WhiteTeam "Leeds Juniors 3"]
[Black "Wagner, Jacob"]
[BlackElo "750"]
[BlackTeam "Brentwood School C"]
[Result "1/2-1/2"]
[PlyCount "112"]

1. d4 d5 2. Bf4 Bf5 3. Nf3 Nc6 4. e3 f6 5. Bd3 Nh6 6. Bxf5 Nxf5 7. c3 e5 8. dxe5 fxe5 9. Nxe5 Nxe5 10. Bxe5 Nd6 11. Qxd5 c6 12. Qe6+ Qe7 13. Qxe7+ Bxe7 14. Bxg7 Rg8 15. Be5 Nc4 16. Bg3 Nxb2 17. Nd2 Nd3+ 18. Ke2 Nc5 19. Rhg1 h5 20. Bf4 h4 21. g3 hxg3 22. Rxg3 Rxg3 23. fxg3 Rd8 24. Rd1 Bf6 25. c4 Na4 26. Nb1 Rxd1 27. Kxd1 Nc3+ 28. Nxc3 Bxc3 29. Kc2 Bf6 30. h4 a5 31. Bg5 Bxg5 32. hxg5 Kf7 33. Kd3 Kg6 34. Ke4 Kxg5 35. a4 c5 36. Kd5 Kg4 37. Kxc5 Kxg3 38. Kb6 Kf3 39. Kxa5 Kxe3 40. c5 Kd4 41. Kb6 Kc4 42. a5 Kb4 43. a6 bxa6 44. c6 a5 45. c7 a4 46. c8=Q a3 47. Qc5+ Kb3 48. Kb5 a2 49. Qc4+ Kb2 50. Qb4+ Kc2 51. Qc4+ Kb2 52. Kb4 a1=Q 53. Qd4+ Kb1 54. Qd3+ Ka2 55. Qa3+ Kb1 56. Qxa1+ Kxa1 1/2-1/2

[Event "Junior Online 4NCL Division 4"]
[Site "online"]
[Date "2021.09.30"]
[EventDate "2021.09.30"]
[Round "4.145"]
[White "Sasikumar, Srivathsan"]
[WhiteElo "1249"]
[WhiteTeam "Leeds Juniors 3"]
[Black "Phillips, Thomas"]
[BlackElo "909"]
[BlackTeam "Brentwood School C"]
[Result "1-0"]
[PlyCount "111"]

1. d4 Nf6 2. Bf4 g6 3. Nf3 Bg7 4. g3 d6 5. Bg2 O-O 6. O-O Nbd7 7. Nbd2 e5 8. dxe5 dxe5 9. Nxe5 Nxe5 10. Bxe5 Ng4 11. Bxg7 Kxg7 12. Re1 Qg5 13. Nf3 Qd8 14. Qxd8 Rxd8 15. Rad1 Bf5 16. Nd4 c5 17. Nxf5+ gxf5 18. Bxb7 Rxd1 19. Rxd1 Re8 20. Bf3 h5 21. h3 Ne5 22. Kg2 Kg6 23. Rd5 Nxf3 24. Kxf3 c4 25. Rd4 Rc8 26. c3 a5 27. Kf4 a4 28. a3 f6 29. Rd5 Re8 30. e3 Re4+ 31. Kf3 Kg5 32. h4+ Kg6 33. Rd4 Rxd4 34. exd4 Kf7 35. Kf4 Ke6 36. f3 Kf7 37. Kxf5 Kg7 38. Ke6 Kg6 39. d5 Kg7 40. d6 Kf8 41. Kd7 f5 42. f4 Kf7 43. Kc8 Ke8 44. d7+ Ke7 45. d8=Q+ Ke6 46. Qd7+ Kf6 47. Qd6+ Kf7 48. Kd7 Kg8 49. Qe6+ Kf8 50. Qxf5+ Kg7 51. Qg5+ Kf7 52. Qe7+ Kg6 53. Ke6 Kh6 54. Qg5+ Kh7 55. Kf7 Kh8 56. Qxh5# 1-0

[Event "Junior Online 4NCL Division 4"]
[Site "online"]
[Date "2021.09.30"]
[EventDate "2021.09.30"]
[Round "4.147"]
[White "Kumar, Rehan"]
[WhiteElo "1196"]
[WhiteTeam "Leeds Juniors 3"]
[Black "Glover, Riley"]
[BlackElo "800"]
[BlackTeam "Brentwood School C"]
[Result "1-0"]
[PlyCount "79"]

1. e4 Nf6 2. Nc3 g6 3. e5 Ng4 4. Qxg4 b5 5. Bxb5 c6 6. Bc4 e6 7. Nf3 Bc5 8. O-O Na6 9. Bxa6 Bxa6 10. d3 Qe7 11. Bg5 Qf8 12. Ne4 Bb6 13. Nd6+ Qxd6 14. exd6 O-O 15. Bf6 h5 16. Qg5 Bd8 17. Bxd8 Rfxd8 18. c4 Kg7 19. Qe5+ f6 20. Qd4 e5 21. Qc3 g5 22. h3 g4 23. hxg4 hxg4 24. Nh4 Rh8 25. Nf5+ Kg6 26. Ne7+ Kf7 27. Nf5 Rh7 28. Ng3 Rah8 29. f3 gxf3 30. Rxf3 Rh2 31. Kf2 Ke6 32. Qb3 f5 33. c5+ Kf6 34. Rxf5+ Kg6 35. Qf7+ Kh6 36. Qf6+ Kh7 37. Qe7+ Kg6 38. Rf6+ Kg5 39. Qxe5+ Kg4 40. Rf4# 1-0

[Event "Junior Online 4NCL Division 4"]
[Site "online"]
[Date "2021.09.30"]
[EventDate "2021.09.30"]
[Round "4.148"]
[White "Wagner, Jacob"]
[WhiteElo "750"]
[WhiteTeam "Brentwood School C"]
[Black "Maniyar, Arnav"]
[BlackElo "1200"]
[BlackTeam "Leeds Juniors 3"]
[Result "0-1"]
[PlyCount "100"]

1. e4 c6 2. Qf3 d5 3. exd5 cxd5 4. Nc3 Nf6 5. d4 Bf5 6. Bb5+ Bd7 7. Bxd7+ Qxd7 8. Bg5 Qe6+ 9. Qe3 Qxe3+ 10. Bxe3 Nc6 11. Nb5 Rc8 12. Bg5 e6 13. c3 a6 14. Bxf6 gxf6 15. Na3 e5 16. dxe5 fxe5 17. c4 d4 18. b4 Bxb4+ 19. Ke2 Bxa3 20. Nf3 f6 21. Rab1 Na5 22. Nd2 Kf7 23. Nb3 Nxc4 24. Kd3 b5 25. g3 Rhe8 26. f4 Red8 27. fxe5 fxe5 28. Rhf1+ Ke6 29. Rfe1 Kd5 30. Rbd1 e4+ 31. Rxe4 Nb2+ 32. Kd2 Nxd1 33. Re2 d3 34. Kxd3 Kc6+ 35. Ke4 Nc3+ 36. Ke3 Nxe2 37. Kxe2 Re8+ 38. Kd3 Rcd8+ 39. Kc3 Kb6 40. Nc1 Bxc1 41. Kc2 Ba3 42. Kb3 b4 43. Ka4 Rd5 44. Kb3 Re3+ 45. Kc4 Rc5+ 46. Kd4 Rce5 47. Kc4 R5e4+ 48. Kd5 Re5+ 49. Kd4 Kc6 50. g4 R5e4# 0-1

[Event "Junior Online 4NCL Division 4"]
[Site "online"]
[Date "2021.09.30"]
[EventDate "2021.09.30"]
[Round "4.151"]
[White "Chandrashekhar, Druha"]
[WhiteElo "1271"]
[WhiteTeam "Charlton Lions"]
[Black "Milani-Foglia, Aurelio"]
[BlackElo "1128"]
[BlackTeam "Edgware Gambits F"]
[Result "1-0"]
[PlyCount "65"]

1. e4 e6 2. d4 d5 3. e5 c5 4. Nf3 Nc6 5. Bb5 a6 6. Bxc6+ bxc6 7. O-O Qb6 8. b3 Ne7 9. Bb2 Nf5 10. Na3 cxd4 11. Nxd4 Bxa3 12. Nxf5 Bxb2 13. Nd6+ Ke7 14. Qf3 Rf8 15. Rae1 a5 16. Qg3 Ba6 17. c4 dxc4 18. bxc4 Rg8 19. Qg5+ f6 20. Qh5 fxe5 21. Rd1 Bd4 22. Nf7 h6 23. Nxe5 g6 24. Nxg6+ Kf6 25. Nf4 Kg7 26. Nxe6+ Kh7 27. Qf7+ Kh8 28. Rxd4 Rae8 29. Rd7 Rxg2+ 30. Kxg2 Rg8+ 31. Kh1 Rg1+ 32. Rxg1 Qb1 33. Qg8# 1-0

[Event "Junior Online 4NCL Division 4"]
[Site "online"]
[Date "2021.09.30"]
[EventDate "2021.09.30"]
[Round "4.152"]
[White "Patel, Amya Hetal"]
[WhiteElo "1142"]
[WhiteTeam "Edgware Gambits F"]
[Black "Williams, Alex"]
[BlackElo "1000"]
[BlackTeam "Charlton Lions"]
[Result "0-1"]
[PlyCount "76"]

1. e4 e5 2. Nf3 Nc6 3. Nc3 Bc5 4. Nxe5 Nxe5 5. d4 Bxd4 6. Qxd4 d6 7. Bd3 Ne7 8. Bf4 N5c6 9. Qxg7 Rg8 10. Qxh7 Rxg2 11. Qh8+ Rg8 12. Qh3 Bxh3 13. O-O-O Qd7 14. Rhg1 Rxg1 15. Rxg1 O-O-O 16. Rg3 f5 17. exf5 Bxf5 18. Bxf5 Qxf5 19. Bg5 Qxf2 20. a3 Qxh2 21. Rg4 Rg8 22. Bxe7 Nxe7 23. Rxg8+ Nxg8 24. Kb1 Qg1+ 25. Ka2 Nf6 26. Ne2 Qg8+ 27. Kb1 Qc4 28. b3 Qxe2 29. Kb2 Ne4 30. a4 c5 31. Ka3 Qxc2 32. a5 Qc1+ 33. Ka4 a6 34. b4 Nc3+ 35. Kb3 Ne4 36. bxc5 Nxc5+ 37. Kb4 Qc2 38. Ka3 Qb3# 0-1

[Event "Junior Online 4NCL Division 4"]
[Site "online"]
[Date "2021.09.30"]
[EventDate "2021.09.30"]
[Round "4.153"]
[White "Thompson, Isaac"]
[WhiteElo "1000"]
[WhiteTeam "Charlton Lions"]
[Black "Tager, Maya"]
[BlackElo "982"]
[BlackTeam "Edgware Gambits F"]
[Result "0-1"]
[PlyCount "66"]

1. d4 d5 2. c4 c6 3. Nc3 Nf6 4. e3 e6 5. Nf3 Bb4 6. Bd3 O-O 7. O-O Nbd7 8. e4 dxe4 9. Nxe4 Nxe4 10. Bf4 Nef6 11. h3 Be7 12. b3 c5 13. d5 exd5 14. cxd5 Nxd5 15. Bc2 Nxf4 16. Qd2 Ne6 17. Rfe1 Nb6 18. Bd3 Bf6 19. Rad1 Nd4 20. Nxd4 Bxd4 21. Bc2 Be6 22. Qd3 g6 23. b4 Bf5 24. Qe2 Bxc2 25. Qxc2 Qc7 26. Re2 Qc8 27. Rde1 cxb4 28. Qxc8 Raxc8 29. a4 Nxa4 30. Rb1 Nc3 31. Rxb4 Nxe2+ 32. Kh1 Be5 33. Rxb7 Rc1# 0-1

[Event "Junior Online 4NCL Division 4"]
[Site "online"]
[Date "2021.09.30"]
[EventDate "2021.09.30"]
[Round "4.155"]
[White "Milani-Foglia, Aurelio"]
[WhiteElo "1128"]
[WhiteTeam "Edgware Gambits F"]
[Black "Chandrashekhar, Druha"]
[BlackElo "1271"]
[BlackTeam "Charlton Lions"]
[Result "0-1"]
[PlyCount "152"]

1. e4 e5 2. Nf3 Nc6 3. Bc4 Bc5 4. d3 Nf6 5. Bg5 h6 6. Bh4 O-O 7. Nc3 a6 8. Nd5 Be7 9. Nxe7+ Qxe7 10. O-O b5 11. Bd5 Bb7 12. b4 Rab8 13. a3 Nd4 14. Nxd4 Bxd5 15. Nf5 Qe6 16. Nxh6+ gxh6 17. exd5 Nxd5 18. Qf3 Nf4 19. Qg3+ Qg6 20. Rfe1 Qxg3 21. Bxg3 d6 22. Bxf4 exf4 23. Re4 Kh7 24. Rxf4 Rbe8 25. Re4 Rxe4 26. dxe4 Re8 27. f3 Re5 28. a4 c5 29. axb5 axb5 30. bxc5 Rxc5 31. Rc1 b4 32. c4 bxc3 33. Kf2 Kg6 34. Ke3 Kf6 35. Kd3 Kg5 36. Rxc3 Rxc3+ 37. Kxc3 Kf4 38. Kd3 h5 39. Ke2 f5 40. Kd3 fxe4+ 41. fxe4 Ke5 42. h4 Kf4 43. Kd4 Kg4 44. Kd5 Kf4 45. Kd4 Kg3 46. Kd5 Kf4 47. g3+ Ke3 48. g4 hxg4 49. h5 g3 50. h6 g2 51. h7 g1=Q 52. h8=Q Qd1+ 53. Ke6 Qb3+ 54. Kxd6 Qb6+ 55. Ke5 Qd4+ 56. Kf5 Qxh8 57. e5 Qf8+ 58. Ke6 Qe8+ 59. Kd5 Kf4 60. e6 Kf5 61. Kd6 Qxe6+ 62. Kc5 Qe4 63. Kd6 Qe5+ 64. Kc6 Kf6 65. Kd7 Kf7 66. Kc6 Kf6 67. Kd7 Qe6+ 68. Kc7 Kf7 69. Kb7 Ke7 70. Kc7 Qd6+ 71. Kb7 Ke6 72. Ka7 Qc6 73. Kb8 Qd7 74. Ka8 Kd6 75. Kb8 Kc6 76. Ka8 Qb7# 0-1

[Event "Junior Online 4NCL Division 4"]
[Site "online"]
[Date "2021.09.30"]
[EventDate "2021.09.30"]
[Round "4.156"]
[White "Williams, Alex"]
[WhiteElo "1000"]
[WhiteTeam "Charlton Lions"]
[Black "Patel, Amya Hetal"]
[BlackElo "1142"]
[BlackTeam "Edgware Gambits F"]
[Result "1-0"]
[PlyCount "73"]

1. d4 e6 2. Bf4 d5 3. Nf3 c5 4. e3 Nc6 5. Bb5 Qb6 6. a4 a6 7. Bxc6+ bxc6 8. b3 cxd4 9. Nxd4 c5 10. Nf3 Nf6 11. O-O Bd6 12. Bxd6 Qxd6 13. c4 e5 14. cxd5 e4 15. Ne1 Nd7 16. Nc3 Nb6 17. Nxe4 Qg6 18. Nc3 Bh3 19. Qf3 Bg4 20. Qe4+ Qxe4 21. Nxe4 Nxd5 22. Nxc5 O-O 23. h3 Be2 24. Nf3 Bxf1 25. Kxf1 Rac8 26. Nxa6 Ra8 27. Nc5 Nb4 28. a5 Nc2 29. Ra2 Nb4 30. Ra3 Nc2 31. Ra2 Nb4 32. Ra4 Nd5 33. a6 Nc3 34. Ra5 Rfd8 35. Kg1 Rd2 36. Nxd2 Ne2+ 37. Kf1 1-0

[Event "Junior Online 4NCL Division 4"]
[Site "online"]
[Date "2021.09.30"]
[EventDate "2021.09.30"]
[Round "4.157"]
[White "Tager, Maya"]
[WhiteElo "982"]
[WhiteTeam "Edgware Gambits F"]
[Black "Thompson, Isaac"]
[BlackElo "1000"]
[BlackTeam "Charlton Lions"]
[Result "1-0"]
[PlyCount "61"]

1. e4 c5 2. d3 d6 3. Nd2 Nf6 4. Ngf3 g6 5. g3 Bg7 6. Bg2 O-O 7. O-O Nc6 8. Re1 Be6 9. c3 Ng4 10. d4 cxd4 11. cxd4 Nf6 12. d5 Bg4 13. dxc6 bxc6 14. Qc2 Bxf3 15. Nxf3 d5 16. exd5 cxd5 17. Bg5 Rc8 18. Qe2 Qa5 19. Qxe7 Rfe8 20. Qd7 Rcd8 21. Qc6 Rxe1+ 22. Rxe1 Qxa2 23. Bxf6 Bxf6 24. Qxf6 Rc8 25. Bh3 Rd8 26. Qxd8+ Kg7 27. Qe7 d4 28. Be6 Qa6 29. Qxf7+ Kh6 30. Qf8+ Kh5 31. g4# 1-0

[Event "Junior Online 4NCL Division 4"]
[Site "online"]
[Date "2021.09.30"]
[EventDate "2021.09.30"]
[Round "4.158"]
[White "Sharma, Reyansh"]
[WhiteElo "1000"]
[WhiteTeam "Charlton Lions"]
[Black "Szajman, Adam"]
[BlackElo "1048"]
[BlackTeam "Edgware Gambits F"]
[Result "0-1"]
[PlyCount "94"]

1. e4 e6 2. d4 d5 3. e5 c5 4. c3 Nc6 5. dxc5 Bxc5 6. Be3 Bxe3 7. fxe3 Qg5 8. Nf3 Qxe3+ 9. Qe2 Qxe2+ 10. Bxe2 Nh6 11. O-O Ng4 12. h3 Ngxe5 13. Nxe5 Nxe5 14. Bb5+ Bd7 15. Bxd7+ Kxd7 16. Nd2 f6 17. Rac1 Nd3 18. Rb1 Rac8 19. Rf3 Ne5 20. Rff1 Nc4 21. Nxc4 Rxc4 22. Rbc1 Rhc8 23. Rf3 d4 24. Kf2 b5 25. a3 a5 26. Ke2 b4 27. axb4 axb4 28. Kd2 bxc3+ 29. bxc3 dxc3+ 30. Rcxc3 Rxc3 31. Rxc3 Rxc3 32. Kxc3 Kd6 33. Kd4 e5+ 34. Ke3 Ke6 35. Ke4 f5+ 36. Kf3 g5 37. g4 fxg4+ 38. hxg4 Kf6 39. Ke4 h6 40. Kd5 Kg6 41. Kxe5 h5 42. gxh5+ Kxh5 43. Ke4 Kg4 44. Ke3 Kg3 45. Ke2 Kg2 46. Ke3 g4 47. Kf4 g3 0-1

[Event "Junior Online 4NCL Division 4"]
[Site "online"]
[Date "2021.09.30"]
[EventDate "2021.09.30"]
[Round "4.162"]
[White "He, Kingsley"]
[WhiteElo "934"]
[WhiteTeam "Colchester Juniors C"]
[Black "Caden, Eleanor"]
[BlackElo "979"]
[BlackTeam "Leeds Juniors 5"]
[Result "1/2-1/2"]
[PlyCount "149"]

1. e4 c6 2. d4 d5 3. e5 Bf5 4. Nc3 e6 5. Nf3 Be7 6. Bd3 Bxd3 7. Qxd3 f6 8. exf6 Bxf6 9. O-O Ne7 10. Bg5 Ng6 11. Bxf6 Qxf6 12. Rae1 O-O 13. Ne5 Nf4 14. Qe3 Qg5 15. Qg3 Qe7 16. Ne2 Nh5 17. Qh3 Nf6 18. Ng3 Nfd7 19. Nxd7 Nxd7 20. Qxe6+ Qf7 21. Qxf7+ Rxf7 22. f4 Nf6 23. b3 Re8 24. Rxe8+ Nxe8 25. Re1 Rf8 26. f5 Nd6 27. Rf1 Re8 28. Rc1 b5 29. a4 bxa4 30. bxa4 Nc4 31. Kf1 Nd2+ 32. Kg1 Ne4 33. Nxe4 dxe4 34. Re1 e3 35. c4 e2 36. Kf2 Kf7 37. Rxe2 Rxe2+ 38. Kxe2 Ke7 39. Ke3 Kd6 40. Ke4 a5 41. c5+ Kd7 42. d5 cxd5+ 43. Kxd5 Ke7 44. Kc6 Kf6 45. g4 Kg5 46. h3 Kh4 47. Kb7 Kxh3 48. c6 Kxg4 49. c7 Kxf5 50. c8=Q+ Kg6 51. Qc2+ Kh6 52. Qc5 g5 53. Qxa5 g4 54. Qd2+ Kh5 55. Qh2+ Kg5 56. Qxh7 g3 57. Qg7+ Kf4 58. a5 Kf3 59. a6 g2 60. a7 Kf2 61. a8=Q g1=Q 62. Qxg1+ Kxg1 63. Qf8 Kg2 64. Qf4 Kh3 65. Kc6 Kg2 66. Kd5 Kh3 67. Ke4 Kg2 68. Qf3+ Kg1 69. Ke3 Kh2 70. Ke2 Kg1 71. Ke3 Kh2 72. Kf4 Kg1 73. Kg4 Kh2 74. Kf4 Kg1 75. Ke3 1/2-1/2

[Event "Junior Online 4NCL Division 4"]
[Site "online"]
[Date "2021.09.30"]
[EventDate "2021.09.30"]
[Round "4.163"]
[White "RoyChowdhury, Aashita"]
[WhiteElo "860"]
[WhiteTeam "Leeds Juniors 5"]
[Black "Wilde, Grace"]
[BlackElo "746"]
[BlackTeam "Colchester Juniors C"]
[Result "1-0"]
[PlyCount "45"]

1. d4 d5 2. Nf3 Nc6 3. Bf4 Bf5 4. e3 Nf6 5. Bd3 Bxd3 6. Qxd3 e6 7. Nbd2 Bd6 8. O-O Bxf4 9. exf4 O-O 10. c4 dxc4 11. Nxc4 b5 12. Ne3 Rb8 13. Rac1 Nb4 14. Qa3 Nbd5 15. Nxd5 Qxd5 16. Rxc7 b4 17. Qxa7 Ra8 18. Qc5 Qxa2 19. Qxb4 Rfb8 20. Qc3 Rb3 21. Rc8+ Rxc8 22. Qxc8+ Ne8 23. Qxe8# 1-0

[Event "Junior Online 4NCL Division 4"]
[Site "online"]
[Date "2021.09.30"]
[EventDate "2021.09.30"]
[Round "4.164"]
[White "Ren, Jason"]
[WhiteElo "680"]
[WhiteTeam "Colchester Juniors C"]
[Black "Raja Srinivasan, Pranav"]
[BlackElo "800"]
[BlackTeam "Leeds Juniors 5"]
[Result "1-0"]
[PlyCount "47"]

1. e4 c6 2. Nc3 d5 3. exd5 cxd5 4. d4 Nf6 5. Be2 Bf5 6. Nf3 Nc6 7. Bf4 e6 8. O-O Bd6 9. Be5 Bxe5 10. Nxe5 Nxe5 11. dxe5 Ne4 12. Bb5+ Kf8 13. Nxe4 Bxe4 14. f3 Qb6+ 15. Rf2 Qxb5 16. fxe4 dxe4 17. Qd6+ Ke8 18. Raf1 Rd8 19. Qa3 Rf8 20. Qxa7 Qxe5 21. Qxb7 Rb8 22. Qa7 Qxb2 23. Rxf7 Rg8 24. Qe7# 1-0

[Event "Junior Online 4NCL Division 4"]
[Site "online"]
[Date "2021.09.30"]
[EventDate "2021.09.30"]
[Round "4.165"]
[White "Kariyawasam, Alexander"]
[WhiteElo "1114"]
[WhiteTeam "Colchester Juniors C"]
[Black "Green, Milo"]
[BlackElo "997"]
[BlackTeam "Leeds Juniors 5"]
[Result "1/2-1/2"]
[PlyCount "163"]

1. e4 c5 2. Nf3 Nc6 3. Bc4 d6 4. Nc3 e5 5. d3 Nf6 6. O-O Be7 7. Be3 Bg4 8. h3 Bh5 9. Ne2 O-O 10. c3 a6 11. Bb3 b5 12. Bc2 c4 13. dxc4 bxc4 14. Ba4 Na5 15. b4 cxb3 16. axb3 d5 17. exd5 Nxd5 18. Nxe5 Bxe2 19. Qxe2 Nxc3 20. Qc2 Nxa4 21. bxa4 Bf6 22. Rad1 Qe7 23. Rd7 Qxe5 24. Bd4 Qg5 25. Bc5 Rac8 26. Rc1 Be7 27. Rxe7 Qxe7 28. Bxe7 Rxc2 29. Rxc2 Re8 30. Bb4 Nb7 31. Kf1 a5 32. Ba3 h6 33. Rc7 Nd8 34. Ra7 Nc6 35. Rc7 Nd4 36. Bb2 Nb3 37. Rb7 Nc5 38. Rb5 Nxa4 39. Bd4 Re4 40. Ba7 Nc3 41. Rxa5 Rb4 42. Kg1 Ne2+ 43. Kh2 h5 44. Rxh5 g6 45. Re5 Nf4 46. g3 Nh5 47. g4 f6 48. Rc5 Nf4 49. Rc8+ Kh7 50. h4 g5 51. hxg5 fxg5 52. Rc7+ Kh6 53. Rc6+ Ng6 54. Bc5 Rxg4 55. Bf8+ Kh7 56. Rc7+ Kg8 57. Bd6 Nf4 58. Rc4 Rg2+ 59. Kh1 Rxf2 60. Rc8+ Kh7 61. Rc7+ Kh6 62. Kg1 Nh3+ 63. Kh1 g4 64. Rc6 Kg5 65. Rc5+ Kh4 66. Rc3 Ng5 67. Bg3+ Kh5 68. Bxf2 Ne4 69. Rc2 Nxf2+ 70. Rxf2 Kh4 71. Rg2 g3 72. Kg1 Kh3 73. Kh1 Kg4 74. Kg1 Kf3 75. Kf1 Kg4 76. Ke2 Kf4 77. Kf1 Kf3 78. Kg1 Kg4 79. Kh1 Kf3 80. Kg1 Kg4 81. Kf1 Kf3 82. Kg1 1/2-1/2

[Event "Junior Online 4NCL Division 4"]
[Site "online"]
[Date "2021.09.30"]
[EventDate "2021.09.30"]
[Round "4.166"]
[White "Caden, Eleanor"]
[WhiteElo "979"]
[WhiteTeam "Leeds Juniors 5"]
[Black "He, Kingsley"]
[BlackElo "934"]
[BlackTeam "Colchester Juniors C"]
[Result "0-1"]
[PlyCount "160"]

1. d4 f6 2. Bf4 d6 3. e3 e5 4. dxe5 dxe5 5. Qxd8+ Kxd8 6. Bg3 Bb4+ 7. c3 Bc5 8. Bc4 Nc6 9. Nf3 a6 10. Nbd2 b5 11. Bxg8 Rxg8 12. Ne4 Be7 13. O-O Bf5 14. Rad1+ Kc8 15. Ned2 Bc2 16. Rc1 Bg6 17. Nb3 e4 18. Nfd4 Nxd4 19. Nxd4 Bd6 20. Bxd6 cxd6 21. Rcd1 Rd8 22. Ne6 Rd7 23. Nf4 Kc7 24. Nxg6 hxg6 25. Rd4 f5 26. c4 g5 27. cxb5 axb5 28. a3 g6 29. Rc1+ Kb6 30. Rb4 Rh7 31. f4 gxf4 32. exf4 e3 33. Re1 Re8 34. a4 Kc5 35. Rxb5+ Kc4 36. Rc1+ Kd3 37. Rd5+ Ke4 38. Rxd6 Kxf4 39. Re1 e2 40. Kf2 Rxh2 41. Rxe2 Rxe2+ 42. Kxe2 Rxg2+ 43. Kd3 Rxb2 44. a5 Ra2 45. Ra6 g5 46. Kc4 g4 47. Kb5 g3 48. Rg6 g2 49. a6 Kf3 50. Kb6 Kf2 51. a7 g1=Q 52. Rxg1 Kxg1 53. Kb7 f4 54. a8=Q Rxa8 55. Kxa8 f3 56. Kb7 f2 57. Kc6 f1=Q 58. Kd5 Qe2 59. Kd4 Kf2 60. Kd5 Qe3 61. Kc4 Kf3 62. Kd5 Kf4 63. Kc4 Kf5 64. Kd5 Qe4+ 65. Kc5 Ke6 66. Kb5 Qd4 67. Kc6 Qd5+ 68. Kb6 Qc4 69. Ka5 Kd6 70. Kb6 Qc6+ 71. Ka5 Qc4 72. Kb6 Qc5+ 73. Kb7 Qc6+ 74. Ka7 Kc5 75. Kb8 Qd6+ 76. Kb7 Kb5 77. Kc8 Qe7 78. Kb8 Qd7 79. Ka8 Kc6 80. Kb8 Qb7# 0-1